| 000 | 00429nam a2200181Ia 4500 | ||
|---|---|---|---|
| 001 | 15875 | ||
| 005 | 20260306170228.0 | ||
| 008 | 260306t1996||||xx |||||||||||||| ||und|| | ||
| 041 | _aESP | ||
| 082 |
_a620.112 _bM88 |
||
| 100 |
_aMott, Robert L. _eAUT |
||
| 245 | 0 | _aResistencia de materiales aplicada | |
| 260 | _c1996 | ||
| 300 |
_a640 páginas : _c25 cm. |
||
| 650 | _aGEN | ||
| 654 | _aCII | ||
| 942 |
_cLIB _dJUS _fJUS _2ddc _n |
||
| 999 |
_c15875 _d15875 |
||